000 00995nas0a22002891i 4500
001 RU\NLR\DRGNLR\3395
005 20240725031210.0
035 _a(NLR Aleph) 010311967
090 _a10640298
_c10640298
100 _a20080514b1899 u y0rusy50 ca
101 0 _arus
102 _aRU
110 _acya||||||||
200 1 _aОрловский листок объявлений
_eС Отд. справ. сведений
_fРед.-изд. И.И.Цодиков
210 _aОрел
_d1899, 7 февр - [?]
540 1 _aОрловский листок объявлений
702 1 _aЦодиков
_bИ.И.
_4340
801 0 _aRU
_bNLR
_c20080514
_gPSBO
_2gzdor_isis
801 2 _aRU
_bNLR
_c20080514
_gPSBO
_2rusmarc
852 _aNLR
_j1-Р/1-418
942 _cNEWSPAPER
980 _aDRG